A knight's own book of chivalry (Record no. 113860)
[ view plain ]
| 000 -LEADER | |
|---|---|
| fixed length control field | 01716nam a2200433Ia 4500 |
| 082 04 - DEWEY DECIMAL CLASSIFICATION NUMBER | |
| Classification number | 394/.7/0940902 |
| 100 1# - MAIN ENTRY--AUTHOR NAME | |
| Personal name | Charny, Geoffroi de, |
| 245 12 - TITLE STATEMENT | |
| Title | A knight's own book of chivalry |
| 260 ## - PUBLICATION, DISTRIBUTION, ETC. (IMPRINT) | |
| Place of publication | Philadelphia : |
| Name of publisher | University of Pennsylvania Press, |
| Year of publication | 2005. |
| 300 ## - PHYSICAL DESCRIPTION | |
| Number of Pages | vi, 116 p. : |
| Other physical details | ill. |
| 490 1# - SERIES STATEMENT | |
| Series statement | The Middle Ages series |
| 650 #0 - SUBJECT ADDED ENTRY--TOPICAL TERM | |
| Topical Term | Chivalry |
| Topical Term | Knights and knighthood |
| Topical Term | Courtly love |
| 700 1# - ADDED ENTRY--PERSONAL NAME | |
| Personal name | Kaeuper, Richard W. |
| Personal name | Kennedy, Elspeth. |
| 856 40 - ELECTRONIC LOCATION AND ACCESS | |
| Uniform Resource Identifier | http://site.ebrary.com/lib/rucke/Doc?id=10748328 |
No items available.
